[Event "NW Regional Scholastic Championships"]
[Site "Chess.com"]
[Date "2020.05.16"]
[Round "?"]
[White "ebear28"]
[Black "KingDavid050108"]
[Result "0-1"]
[WhiteElo "1200"]
[BlackElo "1200"]
[PlyCount "62"]
[EventDate "2020.??.??"]

1. e4 d6 2. Bc4 h5 3. Qf3 Bg4 4. Qxf7+ Kd7 5. Qe6+ Bxe6 6. Bxe6+ Kxe6 7. Nc3
Qd7 8. Nf3 b5 9. d4 b4 10. d5+ Kf7 11. Ne2 c6 12. Ng5+ Ke8 13. Bd2 cxd5 14.
exd5 Qf5 15. Nd4 Qxd5 16. c3 bxc3 17. bxc3 Qxg2 18. Rf1 Qxh2 19. Ngf3 Qh3 20.
Ng5 Qd3 21. Nge6 Rh6 22. Nc7+ Kd8 23. Nxa8 Qe4+ 24. Kd1 Qxa8 25. Ne6+ Rxe6 26.
Rh1 Qxh1+ 27. Kc2 Qxa1 28. Bc1 Qxa2+ 29. Bb2 Re2+ 30. Kd3 Qxb2 31. c4 Qd2# 0-1

[Event "NW Regional Scholastic Championships"]
[Site "Chess.com"]
[Date "2020.05.16"]
[Round "?"]
[White "EstimatedGuess"]
[Black "golden209"]
[Result "1-0"]
[WhiteElo "1763"]
[BlackElo "1688"]
[PlyCount "43"]
[EventDate "2020.??.??"]

1. e4 c5 2. Nf3 e6 3. d4 cxd4 4. Nxd4 Nc6 5. Nb5 d6 6. c4 Nf6 7. N1c3 a6 8. Nd4
Qa5 9. Nxc6 bxc6 10. Bd3 d5 11. cxd5 cxd5 12. O-O Bb4 13. exd5 Bxc3 14. bxc3
Qxd5 15. Ba3 Bb7 16. f3 Rd8 17. Qa4+ Bc6 18. Qb4 Qd7 19. Rad1 Nd5 20. Qc5 Bb7
21. Bc2 Qc7 22. Rxd5 1-0

[Event "NW Regional Scholastic Championships"]
[Site "Chess.com"]
[Date "2020.05.16"]
[Round "?"]
[White "TemporaryOnly"]
[Black "FedyaS"]
[Result "0-1"]
[WhiteElo "1676"]
[BlackElo "1495"]
[PlyCount "58"]
[EventDate "2020.??.??"]

1. e4 e6 2. d4 d5 3. Nc3 Bb4 4. e5 c5 5. a3 Bxc3+ 6. bxc3 Ne7 7. Qg4 O-O 8. Bd3
Qa5 9. Bd2 Nbc6 10. Nf3 f5 11. Qg3 Bd7 12. h4 Be8 13. h5 h6 14. Bxh6 Qxc3+ 15.
Ke2 Rf7 16. Bd2 Nxd4+ 17. Nxd4 Qxd4 18. Rh4 Qxa1 19. h6 c4 20. hxg7 cxd3+ 21.
cxd3 Rxg7 22. Bg5 f4 23. Qh3 Qxe5+ 24. Kf1 Qxg5 25. Qxe6+ Bf7 26. Qh3 Ng6 27.
Rh5 Qf6 28. Rf5 Qa1+ 29. Ke2 Re8+ 0-1

[Event "NW Regional Scholastic Championships"]
[Site "Chess.com"]
[Date "2020.05.16"]
[Round "?"]
[White "TemporaryOnly"]
[Black "EstimatedGuess"]
[Result "0-1"]
[WhiteElo "1676"]
[BlackElo "1763"]
[PlyCount "76"]
[EventDate "2020.??.??"]

1. e4 d6 2. d4 Nf6 3. Nc3 g6 4. f4 Bg7 5. Nf3 O-O 6. Bd3 Bg4 7. h3 Bxf3 8. Qxf3
Nc6 9. Be3 Nd7 10. e5 e6 11. a3 d5 12. O-O-O Ne7 13. g4 f5 14. exf6 Nxf6 15. h4
c6 16. Qe2 b5 17. h5 a5 18. hxg6 hxg6 19. f5 exf5 20. Bh6 Nxg4 21. Qe6+ Rf7 22.
Bxg7 Kxg7 23. Rh7+ Kxh7 24. Qxf7+ Kh6 25. Re1 Ng8 26. Rh1+ Kg5 27. Bxf5 Qf6 28.
Qh7 gxf5 29. Qh5+ Kf4 30. Rf1+ Ke3 31. Rxf5 Qg7 32. Rg5 Qh6 33. Qxg4 Rf8 34.
Re5+ Kf2+ 35. Kb1 Qh1+ 36. Ka2 Qf3 37. Nd1+ Kf1 38. Ne3+ Kf2 0-1

[Event "NW Regional Scholastic Championships"]
[Site "Chess.com"]
[Date "2020.05.16"]
[Round "?"]
[White "golden209"]
[Black "TemporaryOnly"]
[Result "0-1"]
[WhiteElo "1688"]
[BlackElo "1676"]
[PlyCount "116"]
[EventDate "2020.??.??"]

1. e4 e5 2. Nf3 Nc6 3. Bc4 Nf6 4. d3 Bc5 5. c3 a6 6. a4 Ba7 7. O-O d6 8. Nbd2
Ne7 9. b4 O-O 10. Re1 Ng6 11. Nf1 Nf4 12. Bxf4 exf4 13. d4 Bg4 14. Qd3 d5 15.
exd5 Nxd5 16. Ne5 Be6 17. Nd2 Re8 18. Bb3 Nxc3 19. Bc2 g6 20. Ndf3 Nd5 21. Rab1
Bf5 22. Qd2 Bxc2 23. Qxc2 c6 24. Qb3 Qd6 25. b5 axb5 26. axb5 Bxd4 27. Nxd4
Rxe5 28. bxc6 Rxe1+ 29. Rxe1 bxc6 30. Rd1 Ra3 31. Qc2 Rc3 32. Qd2 Qe5 33. Nxc6
Rxc6 34. h3 Nc3 35. Re1 Qd6 36. Qb2 Qd4 37. Qa1 Re6 38. Rxe6 Ne2+ 39. Rxe2
Qxa1+ 40. Kh2 Qf1 41. Re8+ Kg7 42. f3 Qf2 43. Ra8 h5 44. Rb8 g5 45. Rb5 Kg6 46.
Ra5 f6 47. Ra8 g4 48. hxg4 Kg7 49. gxh5 Qh4+ 50. Kg1 Qxh5 51. Ra7+ Kg6 52. Ra8
Qc5+ 53. Kh2 Qh5+ 54. Kg1 Kg5 55. Ra5+ f5 56. Ra8 Kh4 57. Rg8 Qh7 58. Ra8 Kg3
0-1

[Event "NW Regional Scholastic Championships"]
[Site "Chess.com"]
[Date "2020.05.16"]
[Round "?"]
[White "FedyaS"]
[Black "HitandRun1"]
[Result "0-1"]
[WhiteElo "1495"]
[BlackElo "1379"]
[PlyCount "66"]
[EventDate "2020.??.??"]

1. e4 c5 2. Nf3 d6 3. d4 cxd4 4. Nxd4 Nf6 5. Nc3 a6 6. f3 e5 7. Nb3 Be6 8. Be3
b5 9. Nd5 Bxd5 10. exd5 Nbd7 11. a4 b4 12. a5 Be7 13. Qd2 Qc8 14. Rc1 O-O 15.
c4 bxc3 16. Rxc3 Qb7 17. Bc4 Rfc8 18. O-O Rxc4 19. Rxc4 Qxb3 20. Rfc1 Nxd5 21.
Qxd5 Qxe3+ 22. Kf1 Rb8 23. Rc8+ Rxc8 24. Rxc8+ Nf8 25. Qb7 Qd3+ 26. Kf2 Bg5 27.
Qe4 Qd2+ 28. Qe2 Qxa5 29. Rc6 g6 30. Qxa6 Qb4 31. Qb6 Qd2+ 32. Kg3 Qe1+ 33. Qf2
Bf4+ 0-1

[Event "NW Regional Scholastic Championships"]
[Site "Chess.com"]
[Date "2020.05.16"]
[Round "?"]
[White "HitandRun1"]
[Black "EstimatedGuess"]
[Result "1-0"]
[WhiteElo "1379"]
[BlackElo "1763"]
[PlyCount "83"]
[EventDate "2020.??.??"]

1. d4 Nf6 2. Bf4 e6 3. e3 c5 4. c3 Nc6 5. Nf3 Be7 6. Nbd2 Nh5 7. Bg3 Nxg3 8.
hxg3 h6 9. Bd3 b6 10. a4 Bb7 11. Qe2 O-O 12. O-O Bf6 13. Ne4 Be7 14. Ba6 Bxa6
15. Qxa6 d5 16. Nxc5 Nxd4 17. cxd4 bxc5 18. dxc5 Bxc5 19. Rfc1 Be7 20. Nd4 Bf6
21. Rab1 Bxd4 22. exd4 Qf6 23. Qd3 Rac8 24. b4 Qg5 25. f4 Qe7 26. Rc5 Rb8 27.
b5 Rfc8 28. Rbc1 Qd8 29. Qc3 Rxc5 30. dxc5 d4 31. Qd3 Qd5 32. Rc4 Rd8 33. c6 e5
34. c7 Rc8 35. Qf5 Qe6 36. Qxe6 fxe6 37. fxe5 Kf7 38. a5 Ke7 39. b6 axb6 40.
axb6 Kd7 41. b7 Rxc7 42. Rxd4+ 1-0

[Event "NW Regional Scholastic Championships"]
[Site "Chess.com"]
[Date "2020.05.16"]
[Round "?"]
[White "FedyaS"]
[Black "TheGummiGimp"]
[Result "1-0"]
[WhiteElo "1495"]
[BlackElo "1181"]
[PlyCount "139"]
[EventDate "2020.??.??"]

1. e4 e5 2. Nf3 Nc6 3. Bb5 a6 4. Ba4 d6 5. d4 b5 6. Bb3 Bg4 7. c3 Nf6 8. d5 Na5
9. Bc2 Nb7 10. Nbd2 Nc5 11. b4 Ncd7 12. h3 Bh5 13. a4 Rc8 14. axb5 axb5 15. Bd3
c6 16. dxc6 Rxc6 17. Bb2 Rb6 18. Qe2 d5 19. Bxb5 dxe4 20. Bxd7+ Qxd7 21. Nxe4
Nxe4 22. Ra8+ Ke7 23. Qxe4 f5 24. Qh4+ Rf6 25. Qxh5 g6 26. Qg5 Bh6 27. Qxh6
Rxa8 28. Qxh7+ Ke6 29. Qxd7+ Kxd7 30. O-O e4 31. Ne5+ Ke6 32. c4 Ra2 33. Rb1
Rxb2 34. Rxb2 Kxe5 35. Kf1 Kd4 36. c5 Rc6 37. Ke2 Kc3 38. Rb1 Kc2 39. Rd1 Kc3
40. b5 Rxc5 41. Rc1+ Kb4 42. b6 Rxc1 43. b7 Rc2+ 44. Kd1 Rb2 45. b8=Q+ Kc3 46.
Qe5+ Kb3 47. Qe6+ Kc3 48. Qc6+ Kd3 49. Qa6+ Kc3 50. Qa3+ Rb3 51. Qc1+ Kb4 52.
Ke2 Rc3 53. Qd2 Kb3 54. Qd5+ Kb4 55. Qd6+ Kb3 56. Qb8+ Kc4 57. Qg8+ Kd4 58.
Qg7+ Kc4 59. Qxg6 Rc2+ 60. Ke3 f4+ 61. Kxf4 Rxf2+ 62. Kg3 e3 63. Qe6+ Kd3 64.
Qb3+ Kd2 65. Qb2+ Ke1 66. Qc3+ Ke2 67. h4 Kf1 68. Qc1+ Ke2 69. Qc4+ Kd1 70.
Qd3+ 1-0

[Event "NW Regional Scholastic Championships"]
[Site "Chess.com"]
[Date "2020.05.16"]
[Round "?"]
[White "drewbchess"]
[Black "golden209"]
[Result "1/2-1/2"]
[WhiteElo "1767"]
[BlackElo "1688"]
[PlyCount "100"]
[EventDate "2020.??.??"]

1. e4 c5 2. Nf3 e6 3. d4 cxd4 4. Nxd4 Nc6 5. Nc3 Qc7 6. g3 a6 7. Bg2 Nf6 8. Bg5
Be7 9. O-O d6 10. Kh1 h6 11. Be3 O-O 12. f4 Nxd4 13. Bxd4 e5 14. fxe5 dxe5 15.
Be3 b5 16. Qe2 Bb7 17. Rad1 Rfd8 18. Rd3 b4 19. Nd5 Nxd5 20. exd5 a5 21. Qg4
Bg5 22. Bxg5 hxg5 23. Rd2 Qe7 24. Rdf2 f6 25. Rd2 Qf7 26. Rfd1 Rd6 27. Be4 Rad8
28. Qh3 Bxd5 29. Qh7+ Kf8 30. Kg1 Qa7+ 31. Kf1 Bc4+ 32. Bd3 Bxd3+ 33. Rxd3 Rxd3
34. Rxd3 Rxd3 35. cxd3 Qd4 36. Qh8+ Kf7 37. Qh5+ Ke7 38. Qe2 Qd5 39. Qe3 Qh1+
40. Ke2 Qxh2+ 41. Kd1 Qh1+ 42. Ke2 Qc6 43. Qa7+ Kf8 44. Qb8+ Kf7 45. Qa7+ Kg6
46. Qb8 Qg2+ 47. Kd1 Qxg3 48. Qe8+ Kh7 49. Qh5+ Kg8 50. Qe8+ Kh7 1/2-1/2

[Event "NW Regional Scholastic Championships"]
[Site "Chess.com"]
[Date "2020.05.16"]
[Round "?"]
[White "drewbchess"]
[Black "HitandRun1"]
[Result "0-1"]
[WhiteElo "1767"]
[BlackElo "1379"]
[PlyCount "78"]
[EventDate "2020.??.??"]

1. e4 c5 2. Nf3 d6 3. d4 cxd4 4. Nxd4 Nf6 5. Nc3 a6 6. Bc4 e6 7. Bb3 Be7 8. O-O
O-O 9. Be3 Nc6 10. f4 e5 11. Qf3 Qc7 12. Qd1 Qd8 13. fxe5 dxe5 14. Nf3 Bg4 15.
Qxd8 Raxd8 16. Bd5 Bxf3 17. gxf3 Nd4 18. Rac1 b5 19. a3 Rd7 20. Kf2 Rc8 21.
Rfd1 Bxa3 22. bxa3 Rxc3 23. Bxd4 exd4 24. Bb3 Nh5 25. Rd2 d3 26. Rcd1 Nf4 27.
e5 a5 28. e6 fxe6 29. Kg3 g5 30. h4 dxc2 31. Rxd7 Rxb3 32. Rd8+ Kf7 33. R1d7+
Kg6 34. Rg8+ Kf5 35. Rxg5+ Kf6 36. Rc7 Ne2+ 37. Kf2 Rc3 38. Rxc3 Nxc3 39. Rg1
Nd1+ 0-1

[Event "NW Regional Scholastic Championships"]
[Site "Chess.com"]
[Date "2020.05.16"]
[Round "?"]
[White "TheGummiGimp"]
[Black "drewbchess"]
[Result "1/2-1/2"]
[WhiteElo "1181"]
[BlackElo "1767"]
[PlyCount "69"]
[EventDate "2020.??.??"]

1. e4 e5 2. Nf3 Nc6 3. Bb5 a6 4. Ba4 Nf6 5. O-O Bc5 6. Re1 b5 7. Bb3 d6 8. h3
h6 9. c3 O-O 10. d4 exd4 11. cxd4 Bb6 12. Nc3 Re8 13. Bf4 b4 14. Nd5 Ba7 15.
Nxf6+ Qxf6 16. Bg3 Nxd4 17. Nxd4 Qxd4 18. Qf3 Re7 19. e5 Rb8 20. Rad1 Bb7 21.
Qh5 Qc5 22. Rc1 Qb6 23. exd6 Rxe1+ 24. Rxe1 Qc6 25. Qxf7+ Kh8 26. Qf3 Qxf3 27.
gxf3 cxd6 28. Bxd6 Rd8 29. Bxb4 Bd4 30. Bc3 Bxc3 31. bxc3 Bxf3 32. Re3 Bc6 33.
Re6 Rc8 34. Bc4 Bd7 35. Rd6 1/2-1/2

[Event "NW Regional Scholastic Championships"]
[Site "Chess.com"]
[Date "2020.05.16"]
[Round "?"]
[White "HitandRun1"]
[Black "cannondabomb"]
[Result "1-0"]
[WhiteElo "1379"]
[BlackElo "1201"]
[PlyCount "61"]
[EventDate "2020.??.??"]

1. e4 c5 2. Nf3 g6 3. d4 cxd4 4. Nxd4 Bg7 5. Be3 d6 6. c4 Nc6 7. Nc3 Nf6 8. Be2
O-O 9. O-O Nxd4 10. Bxd4 e5 11. Be3 Nd7 12. Qxd6 Nb6 13. Rfd1 Be6 14. Qb4 Qc8
15. Nd5 Nxd5 16. cxd5 Bd7 17. Rac1 Qd8 18. d6 Qf6 19. Qxb7 Be6 20. d7 Rad8 21.
Bxa7 Qe7 22. Rc7 Ra8 23. d8=Q Raxd8 24. Rxe7 Rxd1+ 25. Bxd1 Rd8 26. Bf3 Rc8 27.
Qxc8+ Bxc8 28. Re8+ Bf8 29. Rxc8 f5 30. Bc5 Kg7 31. Bxf8+ 1-0

[Event "NW Regional Scholastic Championships"]
[Site "Chess.com"]
[Date "2020.05.16"]
[Round "?"]
[White "golden209"]
[Black "cannondabomb"]
[Result "1-0"]
[WhiteElo "1688"]
[BlackElo "1201"]
[PlyCount "67"]
[EventDate "2020.??.??"]

1. d4 d5 2. c4 e6 3. Nc3 Nf6 4. cxd5 exd5 5. Bg5 Bb4 6. e3 h6 7. Bh4 c6 8. Bd3
Nbd7 9. Nge2 c5 10. O-O Qc7 11. a3 Bxc3 12. bxc3 Ng4 13. Bg3 Qc6 14. Qd2 c4 15.
Bc2 O-O 16. f3 Ngf6 17. Rae1 Re8 18. Bb1 Nf8 19. Bf2 b5 20. Ng3 a5 21. e4 dxe4
22. fxe4 Ba6 23. Be3 Ng4 24. Bf4 Ng6 25. e5 Rad8 26. h3 N4xe5 27. Bxh6 gxh6 28.
Qxh6 Nd3 29. Nh5 Qxg2+ 30. Kxg2 Ndf4+ 31. Nxf4 Nxf4+ 32. Rxf4 Bb7+ 33. Kh2 Rxe1
34. Rg4# 1-0

[Event "NW Regional Scholastic Championships"]
[Site "Chess.com"]
[Date "2020.05.16"]
[Round "?"]
[White "golden209"]
[Black "Deng16"]
[Result "1-0"]
[WhiteElo "1688"]
[BlackElo "1200"]
[PlyCount "99"]
[EventDate "2020.??.??"]

1. e4 e5 2. Nf3 Nc6 3. Bc4 Bc5 4. c3 d6 5. d4 exd4 6. cxd4 Bb6 7. Bb5 Bd7 8.
Nc3 a6 9. Bc4 h6 10. O-O Bg4 11. Be3 Nf6 12. Be2 Bxf3 13. Bxf3 O-O 14. g3 Re8
15. Bg2 Qd7 16. h3 Ne7 17. e5 dxe5 18. dxe5 Qxd1 19. Raxd1 Nh7 20. Bxb6 cxb6
21. Bxb7 Rab8 22. Bxa6 Nc6 23. Bb5 Rbc8 24. Rd6 Re6 25. Bxc6 Rxc6 26. Rxc6 Rxc6
27. f4 Nf8 28. Rd1 Ne6 29. Kf2 g6 30. Rd6 Rxd6 31. exd6 Kf8 32. Nd5 b5 33. Nc7
b4 34. Nxe6+ fxe6 35. Ke3 Ke8 36. Kd4 Kd7 37. Ke5 h5 38. a4 bxa3 39. bxa3 h4
40. gxh4 g5 41. hxg5 Kc8 42. g6 Kd7 43. g7 Kc8 44. g8=Q+ Kb7 45. Qf7+ Kc6 46.
Qc7+ Kb5 47. d7 Ka4 48. d8=Q Kb5 49. Qdb8+ Ka4 50. Qb4# 1-0

[Event "NW Regional Scholastic Championships"]
[Site "Chess.com"]
[Date "2020.05.16"]
[Round "?"]
[White "Deng16"]
[Black "drewbchess"]
[Result "0-1"]
[WhiteElo "1200"]
[BlackElo "1767"]
[PlyCount "98"]
[EventDate "2020.??.??"]

1. e4 e5 2. Nf3 Nc6 3. Bb5 a6 4. Ba4 Nf6 5. O-O Bc5 6. c3 b5 7. Bc2 d6 8. d4
Bb6 9. Bg5 h6 10. Bh4 Bg4 11. Qd3 Bxf3 12. Qxf3 exd4 13. cxd4 Nxd4 14. Qd3 Nxc2
15. Qxc2 O-O 16. Nc3 Re8 17. Nd5 g5 18. Nxf6+ Qxf6 19. Bg3 Re7 20. Kh1 Rae8 21.
f3 d5 22. e5 Qg6 23. Qd2 h5 24. h3 g4 25. fxg4 hxg4 26. Rf6 Qh7 27. Rh6 Qg7 28.
Bh4 Rxe5 29. Rf1 Be3 30. Qd3 Qxh6 31. Bg3 R5e7 32. Qe2 gxh3 33. gxh3 Qxh3+ 34.
Bh2 Bf4 35. Rg1+ Kh8 36. Qf2 Qxh2+ 37. Qxh2+ Bxh2 38. Kxh2 Re2+ 39. Kh1 R8e6
40. Rg3 Rh6+ 41. Kg1 Rg6 42. Rxg6 fxg6 43. Kf1 Rxb2 44. Ke1 Rxa2 45. Kf1 b4 46.
Kg1 b3 47. Kf1 Rc2 48. Ke1 b2 49. Kf1 b1=Q# 0-1

[Event "NW Regional Scholastic Championships"]
[Site "Chess.com"]
[Date "2020.05.16"]
[Round "?"]
[White "EstimatedGuess"]
[Black "chess12387"]
[Result "1/2-1/2"]
[WhiteElo "1763"]
[BlackElo "1316"]
[PlyCount "46"]
[EventDate "2020.??.??"]

1. e4 e5 2. Nf3 Nc6 3. Bc4 Bc5 4. c3 Nf6 5. b4 Bb6 6. d3 d6 7. Nbd2 a6 8. O-O
Bg4 9. a4 O-O 10. Qb3 h6 11. Bb2 Ne7 12. Rfe1 Ng6 13. h3 Bxf3 14. Nxf3 Nf4 15.
d4 c6 16. dxe5 dxe5 17. Nxe5 Qe7 18. Nd3 Nxe4 19. Nxf4 Bxf2+ 20. Kh2 Bg3+ 21.
Kg1 Bf2+ 22. Kh2 Bg3+ 23. Kg1 Bf2+ 1/2-1/2

[Event "NW Regional Scholastic Championships"]
[Site "Chess.com"]
[Date "2020.05.16"]
[Round "?"]
[White "chess12387"]
[Black "Deng16"]
[Result "1/2-1/2"]
[WhiteElo "1316"]
[BlackElo "1200"]
[PlyCount "93"]
[EventDate "2020.??.??"]

1. e4 e5 2. Nf3 Nc6 3. Nc3 Nf6 4. Bc4 Bc5 5. d3 h6 6. Qe2 d6 7. Be3 Bb6 8. Bxb6
axb6 9. a3 O-O 10. O-O Be6 11. Bxe6 fxe6 12. h3 Nh5 13. g3 Qf6 14. Nh2 Qg6 15.
Qg4 Qf7 16. Nb5 Nf6 17. Qe2 Nd4 18. Nxd4 exd4 19. Rac1 Nh7 20. c3 dxc3 21. Rxc3
Ra5 22. Rfc1 c6 23. R3c2 Rh5 24. Kg2 d5 25. e5 Rf5 26. d4 Ng5 27. h4 Ne4 28.
Rf1 h5 29. f3 Nxg3 30. Kxg3 Qg6+ 31. Kf2 Rf4 32. Rg1 Qf5 33. Rg5 Qh7 34. Ke1
Rxd4 35. Rd2 Rdf4 36. Qg2 Rc4 37. Qg3 Rcf4 38. Rg2 R4f7 39. Kd2 c5 40. Nf1 c4
41. Ne3 Qd3+ 42. Kc1 Qxe3+ 43. Kb1 Qd3+ 44. Ka1 Qd1+ 45. Ka2 Qb3+ 46. Kb1 Qd1+
47. Ka2 1/2-1/2

[Event "NW Regional Scholastic Championships"]
[Site "Chess.com"]
[Date "2020.05.16"]
[Round "?"]
[White "chess12387"]
[Black "TheGummiGimp"]
[Result "1-0"]
[WhiteElo "1316"]
[BlackElo "1181"]
[PlyCount "111"]
[EventDate "2020.??.??"]

1. e4 e5 2. Nf3 Nc6 3. Nc3 Nf6 4. Bc4 Bc5 5. d3 h6 6. Qe2 d6 7. Be3 Bg4 8. h3
Bxf3 9. Qxf3 Bxe3 10. Qxe3 Nd4 11. Qd2 c6 12. a3 d5 13. exd5 cxd5 14. Bb5+ Nxb5
15. Nxb5 Qb6 16. Qb4 Rd8 17. Nc3 Qxb4 18. axb4 a6 19. b5 d4 20. Ne4 Nxe4 21.
dxe4 axb5 22. Ra5 O-O 23. Rxb5 Rc8 24. Kd2 f6 25. Rxb7 Kh7 26. Ra1 Ra8 27. Rxa8
Rxa8 28. b4 Ra1 29. b5 Kg6 30. Rc7 Rb1 31. Rc5 Kg5 32. g3 h5 33. c3 dxc3+ 34.
Kxc3 h4 35. Kc4 hxg3 36. fxg3 Rh1 37. b6 Rxh3 38. b7 Rxg3 39. b8=Q Kf4 40. Kd5
g5 41. Rc2 g4 42. Rf2+ Kg5 43. Qg8+ Kh4 44. Rxf6 Kh3 45. Rg6 Rg1 46. Kxe5 g3
47. Kf5 Rf1+ 48. Ke5 Rg1 49. Rg7 Kh2 50. Ke6 Rg2 51. Rh7+ Kg1 52. Rg7 Kf2 53.
Kf6 Rg1 54. e5 g2 55. e6 Rf1 56. Rxg2+ 1-0

[Event "NW Regional Scholastic Championships"]
[Site "Chess.com"]
[Date "2020.05.16"]
[Round "?"]
[White "chess12387"]
[Black "FedyaS"]
[Result "0-1"]
[WhiteElo "1316"]
[BlackElo "1495"]
[PlyCount "52"]
[EventDate "2020.??.??"]

1. e4 e6 2. d4 d5 3. e5 c5 4. c3 Nc6 5. Nf3 Nge7 6. Be3 Nf5 7. Bb5 cxd4 8.
Bxc6+ bxc6 9. cxd4 Nxe3 10. fxe3 Ba6 11. Nc3 Be7 12. Qa4 Qb6 13. Rb1 O-O 14.
Kf2 f6 15. exf6 Bxf6 16. Rhc1 Bd3 17. Ra1 Qxb2+ 18. Kg1 Bh4 19. Nxh4 Qf2+ 20.
Kh1 Qxh4 21. Qxc6 Qg4 22. Nxd5 exd5 23. Qxd5+ Kh8 24. Rc7 Be4 25. Rxg7 Kxg7 26.
Qe5+ Kg8 0-1

[Event "NW Regional Scholastic Championships"]
[Site "Chess.com"]
[Date "2020.05.16"]
[Round "?"]
[White "BoneMarrowGang"]
[Black "FedyaS"]
[Result "0-1"]
[WhiteElo "1137"]
[BlackElo "1495"]
[PlyCount "54"]
[EventDate "2020.??.??"]

1. e4 e6 2. d4 d5 3. Bd3 dxe4 4. Bxe4 Nf6 5. Bf3 Bd6 6. Ne2 h6 7. Nbc3 c6 8.
O-O O-O 9. Re1 Qc7 10. Ng3 Nbd7 11. b3 e5 12. Nce2 e4 13. Nc3 exf3 14. Qxf3 Nd5
15. Nxd5 cxd5 16. Qd3 Nf6 17. a4 Bg4 18. Ba3 Bxa3 19. Rxa3 Rfe8 20. Raa1 Qa5
21. c3 Rac8 22. b4 Rxe1+ 23. Rxe1 Qxa4 24. f3 Be6 25. Nf5 Bxf5 26. Qxf5 Re8 27.
Rxe8+ Qxe8 0-1

[Event "NW Regional Scholastic Championships"]
[Site "Chess.com"]
[Date "2020.05.16"]
[Round "?"]
[White "TheGummiGimp"]
[Black "BoneMarrowGang"]
[Result "1-0"]
[WhiteElo "1181"]
[BlackElo "1137"]
[PlyCount "46"]
[EventDate "2020.??.??"]

1. e4 c5 2. Nc3 Nc6 3. f4 e6 4. Nf3 Nf6 5. Bb5 Be7 6. Bxc6 bxc6 7. d3 O-O 8.
O-O d6 9. Qe1 e5 10. f5 Qc7 11. Qg3 Nh5 12. Qg4 Nf6 13. Qg3 Bb7 14. Bh6 Nh5 15.
Qg4 g6 16. Bxf8 Rxf8 17. Ng5 Bc8 18. Ne2 Qd8 19. Nh3 Kh8 20. Ng3 Nxg3 21. Qxg3
Bh4 22. Qf3 Be7 23. f6 Bxf6 1-0

[Event "NW Regional Scholastic Championships"]
[Site "Chess.com"]
[Date "2020.05.16"]
[Round "?"]
[White "TemporaryOnly"]
[Black "ghostyghost69"]
[Result "1-0"]
[WhiteElo "1676"]
[BlackElo "1040"]
[PlyCount "71"]
[EventDate "2020.??.??"]

1. e4 e5 2. Nf3 Nc6 3. Bb5 Nf6 4. O-O Bc5 5. c3 O-O 6. d4 exd4 7. cxd4 Bb6 8.
Nc3 d5 9. Bg5 a6 10. Be2 Re8 11. Nxd5 Rxe4 12. Nxf6+ gxf6 13. Bd3 Rxd4 14. Nxd4
Qxd4 15. Bh6 Bg4 16. Qc2 Nb4 17. Bxh7+ Kh8 18. Qe4 Rg8 19. Qxd4 Bxd4 20. Bxg8
Kxg8 21. Be3 Bxb2 22. Rab1 Bc3 23. Rfc1 Nxa2 24. Rxc3 Nxc3 25. Rxb7 a5 26. Bd2
Ne2+ 27. Kf1 a4 28. f3 Bc8 29. Rb8 Nd4 30. Rxc8+ Kg7 31. Ra8 c5 32. Rxa4 Nb3
33. Bc3 Kf8 34. Bxf6 Nd2+ 35. Ke2 Nb3 36. Ra8# 1-0

[Event "NW Regional Scholastic Championships"]
[Site "Chess.com"]
[Date "2020.05.16"]
[Round "?"]
[White "shadow375"]
[Black "HitandRun1"]
[Result "0-1"]
[WhiteElo "965"]
[BlackElo "1379"]
[PlyCount "76"]
[EventDate "2020.??.??"]

1. e4 c5 2. Nf3 d6 3. d4 cxd4 4. Nxd4 Nf6 5. Bd3 Nc6 6. Nxc6 bxc6 7. Nc3 e5 8.
Be3 Be6 9. Qd2 Be7 10. f4 Ng4 11. O-O Nxe3 12. Qxe3 exf4 13. Qe2 Qb6+ 14. Kh1
Qxb2 15. Qe1 Bf6 16. Na4 Qxa1 17. Qxa1 Bxa1 18. Rxa1 O-O 19. Rf1 g5 20. Ba6
Rab8 21. a3 d5 22. exd5 Bxd5 23. Nc5 Rb2 24. Rc1 Re8 25. Bd3 Reb8 26. c4 Bxg2+
27. Kg1 Bf3 28. Nd7 Rg2+ 29. Kf1 Rbb2 30. Bc2 Rbxc2 31. Rxc2 Rxc2 32. Nf6+ Kg7
33. Ne8+ Kg6 34. Nd6 g4 35. a4 g3 36. hxg3 fxg3 37. Ke1 g2 38. Ne4 g1=Q# 0-1

[Event "NW Regional Scholastic Championships"]
[Site "Chess.com"]
[Date "2020.05.16"]
[Round "?"]
[White "cannondabomb"]
[Black "shadow375"]
[Result "1-0"]
[WhiteElo "1201"]
[BlackElo "965"]
[PlyCount "49"]
[EventDate "2020.??.??"]

1. e4 e5 2. Nf3 Nf6 3. Nxe5 Nc6 4. Nxc6 dxc6 5. Bc4 Bc5 6. O-O b5 7. Bb3 O-O 8.
c3 Nxe4 9. d4 Bd6 10. Re1 Nf6 11. Bg5 c5 12. dxc5 Bxc5 13. Qxd8 Rxd8 14. Bxf6
gxf6 15. a4 bxa4 16. Rxa4 Bb7 17. Rg4+ Kf8 18. Na3 Bxa3 19. bxa3 Rab8 20. Bc2
Bc8 21. Rg3 f5 22. Rf3 Rd5 23. Ba4 Rb6 24. Rg3 Ra6 25. Re8# 1-0

[Event "NW Regional Scholastic Championships"]
[Site "Chess.com"]
[Date "2020.05.16"]
[Round "?"]
[White "shadow375"]
[Black "BoneMarrowGang"]
[Result "0-1"]
[WhiteElo "965"]
[BlackElo "1137"]
[PlyCount "120"]
[EventDate "2020.??.??"]

1. e4 e5 2. f4 exf4 3. Nf3 Nc6 4. Bc4 Bc5 5. d4 Bd6 6. e5 Be7 7. Bxf4 d6 8.
exd6 Bxd6 9. Bxd6 Qxd6 10. O-O Nf6 11. Nc3 O-O 12. Bd3 Nxd4 13. Nxd4 Qxd4+ 14.
Rf2 Rd8 15. Qd2 Be6 16. h3 Bc4 17. Rd1 Bxd3 18. Qxd3 Qxd3 19. cxd3 Re8 20. Nb5
Re7 21. Rc2 c6 22. Nc3 Rae8 23. Kf1 h6 24. b4 Rd8 25. a3 Re3 26. Rcd2 Rg3 27.
b5 cxb5 28. Nxb5 a6 29. Nc3 Rg5 30. Nb1 Rf5+ 31. Kg1 b5 32. d4 a5 33. Rd3 Nd5
34. g4 Rf4 35. Kg2 g5 36. Kg3 Kg7 37. a4 b4 38. Nd2 Kg6 39. Nf3 f6 40. h4 f5
41. gxf5+ Kxf5 42. hxg5 hxg5 43. Ne5 Re8 44. Nc6 Re3+ 45. Rxe3 Nxe3 46. Rd3 Ke4
47. Rb3 Rf3+ 48. Kh2 Ng4+ 49. Kg2 Rxb3 50. Nxa5 Rd3 51. Nc4 Rxd4 52. Nb6 b3 53.
a5 b2 54. a6 b1=Q 55. a7 Rd8 56. a8=Q+ Rxa8 57. Nxa8 Qd1 58. Nc7 Qf3+ 59. Kg1
Qf2+ 60. Kh1 Qh2# 0-1

[Event "NW Regional Scholastic Championships"]
[Site "Chess.com"]
[Date "2020.05.16"]
[Round "?"]
[White "TheGummiGimp"]
[Black "HigherChallenge"]
[Result "1-0"]
[WhiteElo "1181"]
[BlackElo "1275"]
[PlyCount "101"]
[EventDate "2020.??.??"]

1. e4 d5 2. exd5 Qxd5 3. Nc3 Qe6+ 4. Be2 Qg6 5. Bf3 c6 6. Nge2 Bf5 7. d3 Nd7 8.
Be3 Ne5 9. Ng3 Nxf3+ 10. Qxf3 Bg4 11. Qf4 Nf6 12. Qc7 Nd5 13. Nxd5 cxd5 14.
Qxb7 Rc8 15. Qxa7 Rxc2 16. Qb8+ Rc8 17. Qb5+ Bd7 18. Qxd5 e6 19. Qb7 Bd6 20.
Qe4 f5 21. Qd4 Bc5 22. Qe5 Bxe3 23. Qxe3 h5 24. O-O h4 25. Ne2 Bc6 26. f3 h3
27. g3 Qf6 28. Qd4 e5 29. Qe3 f4 30. Nxf4 Kf7 31. Ne2 Rce8 32. Rac1 Qg6 33.
Qa7+ Kg8 34. Qa6 Re6 35. Qc8+ Be8 36. d4 e4 37. Nf4 Qxg3+ 38. hxg3 h2+ 39. Kh1
Re7 40. Ng6 Kf7 41. Nxh8+ Kf6 42. fxe4+ Kg5 43. Qf5+ Kh6 44. Qh3+ Bh5 45. g4 g6
46. gxh5 gxh5 47. Rf6+ Kg7 48. Rg6+ Kxh8 49. Qxh5+ Rh7 50. Qe5+ Rg7 51. Qxg7#
1-0

[Event "NW Regional Scholastic Championships"]
[Site "Chess.com"]
[Date "2020.05.16"]
[Round "?"]
[White "HigherChallenge"]
[Black "BoneMarrowGang"]
[Result "0-1"]
[WhiteElo "1275"]
[BlackElo "1137"]
[PlyCount "36"]
[EventDate "2020.??.??"]

1. d4 d5 2. Nc3 e6 3. a3 Nf6 4. Be3 Bd6 5. g3 c6 6. b4 O-O 7. h4 e5 8. h5 h6 9.
f4 exf4 10. gxf4 Re8 11. Bd2 Bg4 12. Bh3 Qd7 13. Bxg4 Qxg4 14. e3 Qg3+ 15. Kf1
Ng4 16. Be1 Nxe3+ 17. Ke2 Nxd1+ 18. Kxd1 Qxe1# 0-1

[Event "NW Regional Scholastic Championships"]
[Site "Chess.com"]
[Date "2020.05.16"]
[Round "?"]
[White "HigherChallenge"]
[Black "ghostyghost69"]
[Result "1-0"]
[WhiteElo "1275"]
[BlackElo "1040"]
[PlyCount "23"]
[EventDate "2020.??.??"]

1. d4 d5 2. Nc3 Nf6 3. Be3 Nc6 4. a3 e5 5. dxe5 Nxe5 6. Bg5 Bc5 7. Bxf6 Qxf6 8.
Nxd5 Qxf2+ 9. Kd2 Qd4+ 10. Kc1 Qe4 11. Nxc7+ Kf8 12. Qd8# 1-0